000
00377nam a2200133Ia 4500
008
151001s9999||||xx |||||||||||||| ||und||
100
_a
दुर्गा - भागवत
245
_a
तामिळनाडच्या लोककथा
250
_a
1
260
_b
चित्रशाळा प्रकाशन
260
_c
1959
300
_a
39
365
_b
8
999
_c
951943
_d
951940